000 00992nam a2200313 i 4500
001 000047894
003 DO-SdBNP
005 20240412074306.0
007 ta
008 181002s2018 dr 000 spa d
020 _a9789945503210
040 _aDO-SdBNP
_bspa
_cBNPHU
_erda
082 4 _aRD861.44
_bH557r
_222
100 1 _aHernández Rueda, Lupo,
_d1930-2017
_923790
245 1 0 _aRaíz en el tiempo /
_cLupo Hernández Rueda.
264 _aSanto Domingo :
_bEditora Nacional,
_c2018.
300 _a185 páginas;
_c25 cm.
336 _2rdacontent
_atexto
_btxt
337 _2rdamedia
_asin mediación
_bn
338 _2rdacarrier
_avolumen
_bnc
490 1 _aHomenaje
_apoesía
500 _aIncluye datos biográficos del autor en la solapa de la cubierta
590 _aInventariado, 2018/VM
650 4 _aPoesía dominicana
_966
650 0 _aLiteratura dominicana.
_967
830 0 _aHomenaje
_ppoesía
_975443
910 _aValidado. Control de calidad MFF
942 _2ddc
_cLBS1
999 _c47382
_d47382